| 000 | 00709nam a22001817a 4500 | ||
|---|---|---|---|
| 005 | 20170605102005.0 | ||
| 020 |
_a9788131530566 _c475.00 |
||
| 035 | _aB-669703 | ||
| 037 | _bAsian Book Centre/Ven | ||
| 082 | _a537.1 | ||
| 100 | _aSharma, B.M. | ||
| 245 |
_aPhysics for joint entrance examination JEE (Advanced) : _bmagnetism and electromagnetic induction / _cby B.M. Sharma |
||
| 260 |
_c2016 _aDelhi _bCengage Learning |
||
| 270 |
_a418, F.I.E.,Patparganj _bDelhi _e110092 |
||
| 300 |
_c28cm(pbk) _avarious pagings : _bill. |
||
| 942 |
_cEN _2ddc _mSHA _h537.1 |
||
| 999 |
_c140725 _d140725 |
||